000 00211 a2200097 4500
001 13748
100 _aCooke, C
245 _aThe life of Richard
260 _aLondon
_bHodder & Stoughto
_c
090 _c10743
_d10743
942 _aNUST-CAE
_cM
_c829
999 _c248821
_d248821